<?xml version="1.0" encoding="UTF-8"?>
<record
    xmlns:xsi="http://www.w3.org/2001/XMLSchema-instance"
    xsi:schemaLocation="http://www.loc.gov/MARC21/slim http://www.loc.gov/standards/marcxml/schema/MARC21slim.xsd"
    xmlns="http://www.loc.gov/MARC21/slim">

  <leader>01309nam a22003017a 4500</leader>
  <datafield tag="999" ind1=" " ind2=" ">
    <subfield code="c">8346</subfield>
    <subfield code="d">8346</subfield>
  </datafield>
  <controlfield tag="003">AR-CdUCM</controlfield>
  <controlfield tag="008">190325b           ||||| |||| 00| 0 spa d</controlfield>
  <datafield tag="040" ind1=" " ind2=" ">
    <subfield code="a">MUNICIPALIDAD PROVINCIAL DEL CUSCO</subfield>
    <subfield code="c">BIBLIOTECA MUNICIPAL DEL CUSCO</subfield>
  </datafield>
  <datafield tag="082" ind1=" " ind2=" ">
    <subfield code="a">985.008 /</subfield>
    <subfield code="b">C73</subfield>
  </datafield>
  <datafield tag="100" ind1=" " ind2=" ">
    <subfield code="a">Comisi&#xF3;n nacional del Sesquicentenario de la Independencia del Per&#xFA;</subfield>
  </datafield>
  <datafield tag="245" ind1=" " ind2=" ">
    <subfield code="a">Obra gubernativa y epistolario de Bol&#xED;var /</subfield>
  </datafield>
  <datafield tag="260" ind1=" " ind2=" ">
    <subfield code="a">Lima :</subfield>
    <subfield code="b">Comisi&#xF3;n nacional del Sesquicentenario de la Independencia del Per&#xFA;,</subfield>
    <subfield code="c">1975.</subfield>
  </datafield>
  <datafield tag="300" ind1=" " ind2=" ">
    <subfield code="a">4 vol&#xFA;menes ;</subfield>
    <subfield code="c">24 cm.</subfield>
  </datafield>
  <datafield tag="440" ind1=" " ind2=" ">
    <subfield code="a">Colecci&#xF3;n documental de la independencia del Per&#xFA;</subfield>
    <subfield code="9">21856</subfield>
  </datafield>
  <datafield tag="505" ind1=" " ind2=" ">
    <subfield code="a">Contenido: V.1: Legislaci&#xF3;n 1823-1825 -- V.2: Legislaci&#xF3;n de 1826 -- V.3: Libro de decretos 1824 -- V.4: El congreso de Panam&#xE1;.</subfield>
  </datafield>
  <datafield tag="650" ind1=" " ind2=" ">
    <subfield code="a">Colecci&#xF3;n</subfield>
    <subfield code="9">2826</subfield>
  </datafield>
  <datafield tag="650" ind1=" " ind2=" ">
    <subfield code="a">Independencia peruana</subfield>
    <subfield code="9">23196</subfield>
  </datafield>
  <datafield tag="650" ind1=" " ind2=" ">
    <subfield code="a">Libro de decretos</subfield>
    <subfield code="9">23432</subfield>
  </datafield>
  <datafield tag="650" ind1=" " ind2=" ">
    <subfield code="a">Legislaci&#xF3;n 1823-1826</subfield>
    <subfield code="9">23433</subfield>
  </datafield>
  <datafield tag="650" ind1=" " ind2=" ">
    <subfield code="a">Documental</subfield>
    <subfield code="9">23434</subfield>
  </datafield>
  <datafield tag="700" ind1=" " ind2=" ">
    <subfield code="a">Denegri Luna, F&#xE9;lix (edici&#xF3;n)</subfield>
    <subfield code="9">23435</subfield>
  </datafield>
  <datafield tag="700" ind1=" " ind2=" ">
    <subfield code="a">Porras Barrenechea, Ra&#xFA;l (recopilaci&#xF3;n y pr&#xF3;logo)</subfield>
    <subfield code="9">23436</subfield>
  </datafield>
  <datafield tag="700" ind1=" " ind2=" ">
    <subfield code="a">Durand Fl&#xF3;rez, Guillermo (edici&#xF3;n)</subfield>
    <subfield code="9">23437</subfield>
  </datafield>
  <datafield tag="700" ind1=" " ind2=" ">
    <subfield code="a">Rosas Siles, Alberto (edici&#xF3;n)</subfield>
    <subfield code="9">23438</subfield>
  </datafield>
  <datafield tag="700" ind1=" " ind2=" ">
    <subfield code="a">Guerra, Margarita (colaboraci&#xF3;n)</subfield>
    <subfield code="9">23439</subfield>
  </datafield>
  <datafield tag="942" ind1=" " ind2=" ">
    <subfield code="2">ddc</subfield>
    <subfield code="c">LIBROS</subfield>
  </datafield>
  <datafield tag="945" ind1=" " ind2=" ">
    <subfield code="a">davv</subfield>
  </datafield>
  <datafield tag="952" ind1=" " ind2=" ">
    <subfield code="0">0</subfield>
    <subfield code="2">ddc</subfield>
    <subfield code="4">0</subfield>
    <subfield code="7">0</subfield>
    <subfield code="a">SH</subfield>
    <subfield code="b">SH</subfield>
    <subfield code="c">REF</subfield>
    <subfield code="d">2019-03-25</subfield>
    <subfield code="g">80.00</subfield>
    <subfield code="o">985.008 / C73 / t.14 / v.1</subfield>
    <subfield code="p">SH0000009129</subfield>
    <subfield code="r">2019-03-25</subfield>
    <subfield code="y">LIBROS</subfield>
  </datafield>
  <datafield tag="952" ind1=" " ind2=" ">
    <subfield code="0">0</subfield>
    <subfield code="2">ddc</subfield>
    <subfield code="4">0</subfield>
    <subfield code="7">0</subfield>
    <subfield code="a">SH</subfield>
    <subfield code="b">SH</subfield>
    <subfield code="c">REF</subfield>
    <subfield code="d">2019-03-25</subfield>
    <subfield code="g">80.00</subfield>
    <subfield code="o">985.008 / C73 / t.14 / v.2</subfield>
    <subfield code="p">SH0000009130</subfield>
    <subfield code="r">2019-03-25</subfield>
    <subfield code="y">LIBROS</subfield>
  </datafield>
  <datafield tag="952" ind1=" " ind2=" ">
    <subfield code="0">0</subfield>
    <subfield code="2">ddc</subfield>
    <subfield code="4">0</subfield>
    <subfield code="7">0</subfield>
    <subfield code="a">SH</subfield>
    <subfield code="b">SH</subfield>
    <subfield code="c">REF</subfield>
    <subfield code="d">2019-03-25</subfield>
    <subfield code="g">80.00</subfield>
    <subfield code="o">985.008 / C73 / t.14 / v.3</subfield>
    <subfield code="p">SH0000009131</subfield>
    <subfield code="r">2019-03-25</subfield>
    <subfield code="y">LIBROS</subfield>
  </datafield>
  <datafield tag="952" ind1=" " ind2=" ">
    <subfield code="0">0</subfield>
    <subfield code="2">ddc</subfield>
    <subfield code="4">0</subfield>
    <subfield code="7">0</subfield>
    <subfield code="a">SH</subfield>
    <subfield code="b">SH</subfield>
    <subfield code="c">REF</subfield>
    <subfield code="d">2019-03-25</subfield>
    <subfield code="g">80.00</subfield>
    <subfield code="o">985.008 / C73 / t.14 / v.4</subfield>
    <subfield code="p">SH0000009132</subfield>
    <subfield code="r">2019-03-25</subfield>
    <subfield code="y">LIBROS</subfield>
  </datafield>
  <datafield tag="952" ind1=" " ind2=" ">
    <subfield code="0">0</subfield>
    <subfield code="2">ddc</subfield>
    <subfield code="4">0</subfield>
    <subfield code="7">0</subfield>
    <subfield code="a">SH</subfield>
    <subfield code="b">SH</subfield>
    <subfield code="c">REF</subfield>
    <subfield code="d">2019-03-25</subfield>
    <subfield code="g">80.00</subfield>
    <subfield code="o">985.008 / C73 / t.14 / v.4 / e.2</subfield>
    <subfield code="p">SH0000009133</subfield>
    <subfield code="r">2019-03-25</subfield>
    <subfield code="t">e.2</subfield>
    <subfield code="y">LIBROS</subfield>
  </datafield>
  <datafield tag="952" ind1=" " ind2=" ">
    <subfield code="0">0</subfield>
    <subfield code="2">ddc</subfield>
    <subfield code="4">0</subfield>
    <subfield code="7">0</subfield>
    <subfield code="a">SH</subfield>
    <subfield code="b">SH</subfield>
    <subfield code="c">REF</subfield>
    <subfield code="d">2019-03-25</subfield>
    <subfield code="g">80.00</subfield>
    <subfield code="o">985.008 / C73 / t.14 / v.4 / e.3</subfield>
    <subfield code="p">SH0000009134</subfield>
    <subfield code="r">2019-03-25</subfield>
    <subfield code="t">e.3</subfield>
    <subfield code="y">LIBROS</subfield>
  </datafield>
  <datafield tag="952" ind1=" " ind2=" ">
    <subfield code="0">0</subfield>
    <subfield code="2">ddc</subfield>
    <subfield code="4">0</subfield>
    <subfield code="7">0</subfield>
    <subfield code="a">SH</subfield>
    <subfield code="b">SH</subfield>
    <subfield code="c">REF</subfield>
    <subfield code="d">2019-03-25</subfield>
    <subfield code="g">80.00</subfield>
    <subfield code="o">985.008 / C73 / t.14 / v.3 / e.2</subfield>
    <subfield code="p">SH0000009135</subfield>
    <subfield code="r">2019-03-25</subfield>
    <subfield code="t">e.2</subfield>
    <subfield code="y">LIBROS</subfield>
  </datafield>
  <datafield tag="952" ind1=" " ind2=" ">
    <subfield code="0">0</subfield>
    <subfield code="2">ddc</subfield>
    <subfield code="4">0</subfield>
    <subfield code="7">0</subfield>
    <subfield code="a">SH</subfield>
    <subfield code="b">SH</subfield>
    <subfield code="c">REF</subfield>
    <subfield code="d">2019-03-25</subfield>
    <subfield code="g">80.00</subfield>
    <subfield code="o">985.008 / C73 / t.14 / v.2 / e.2</subfield>
    <subfield code="p">SH0000009136</subfield>
    <subfield code="r">2019-03-25</subfield>
    <subfield code="t">e.2</subfield>
    <subfield code="y">LIBROS</subfield>
  </datafield>
  <datafield tag="952" ind1=" " ind2=" ">
    <subfield code="0">0</subfield>
    <subfield code="2">ddc</subfield>
    <subfield code="4">0</subfield>
    <subfield code="7">0</subfield>
    <subfield code="a">SH</subfield>
    <subfield code="b">SH</subfield>
    <subfield code="c">REF</subfield>
    <subfield code="d">2019-03-25</subfield>
    <subfield code="g">80.00</subfield>
    <subfield code="o">985.008 / C73 / t.14 / v.2 / e.3</subfield>
    <subfield code="p">SH0000009137</subfield>
    <subfield code="r">2019-03-25</subfield>
    <subfield code="t">e.3</subfield>
    <subfield code="y">LIBROS</subfield>
  </datafield>
  <datafield tag="952" ind1=" " ind2=" ">
    <subfield code="0">0</subfield>
    <subfield code="2">ddc</subfield>
    <subfield code="4">0</subfield>
    <subfield code="7">0</subfield>
    <subfield code="a">SH</subfield>
    <subfield code="b">SH</subfield>
    <subfield code="c">REF</subfield>
    <subfield code="d">2019-03-25</subfield>
    <subfield code="g">80.00</subfield>
    <subfield code="o">985.008 / C73 / t.14 / v.1 / e.2</subfield>
    <subfield code="p">SH0000009138</subfield>
    <subfield code="r">2019-03-25</subfield>
    <subfield code="t">e.2</subfield>
    <subfield code="y">LIBROS</subfield>
  </datafield>
  <datafield tag="952" ind1=" " ind2=" ">
    <subfield code="0">0</subfield>
    <subfield code="2">ddc</subfield>
    <subfield code="4">0</subfield>
    <subfield code="7">0</subfield>
    <subfield code="a">SH</subfield>
    <subfield code="b">SH</subfield>
    <subfield code="c">REF</subfield>
    <subfield code="d">2019-03-25</subfield>
    <subfield code="g">80.00</subfield>
    <subfield code="o">985.008 / C73 / t.14 / v.1 / e.3</subfield>
    <subfield code="p">SH0000009148</subfield>
    <subfield code="r">2019-03-25</subfield>
    <subfield code="t">e.3</subfield>
    <subfield code="y">LIBROS</subfield>
  </datafield>
  <datafield tag="952" ind1=" " ind2=" ">
    <subfield code="0">0</subfield>
    <subfield code="2">ddc</subfield>
    <subfield code="4">0</subfield>
    <subfield code="7">0</subfield>
    <subfield code="a">SH</subfield>
    <subfield code="b">SH</subfield>
    <subfield code="c">REF</subfield>
    <subfield code="d">2019-03-25</subfield>
    <subfield code="g">80.00</subfield>
    <subfield code="o">985.008 / C73 / t.14 / v.3 / e.3</subfield>
    <subfield code="p">SH0000009389</subfield>
    <subfield code="r">2019-03-25</subfield>
    <subfield code="t">e.3</subfield>
    <subfield code="y">LIBROS</subfield>
  </datafield>
</record>
